<?xml version="1.0" encoding="UTF-8"?><?xml-stylesheet type="text/xsl" href="static/style.xsl"?><OAI-PMH xmlns="http://www.openarchives.org/OAI/2.0/" xmlns:xsi="http://www.w3.org/2001/XMLSchema-instance" xsi:schemaLocation="http://www.openarchives.org/OAI/2.0/ http://www.openarchives.org/OAI/2.0/OAI-PMH.xsd"><responseDate>2026-06-05T15:03:52Z</responseDate><request verb="GetRecord" identifier="oai:riuma.uma.es:10630/40207" metadataPrefix="marc">https://riuma.uma.es/rest/oai/request</request><GetRecord><record><header><identifier>oai:riuma.uma.es:10630/40207</identifier><datestamp>2026-02-03T11:12:48Z</datestamp><setSpec>com_10630_2254</setSpec><setSpec>col_10630_37953</setSpec></header><metadata><record xmlns="http://www.loc.gov/MARC21/slim" xmlns:dcterms="http://purl.org/dc/terms/" xmlns:doc="http://www.lyncode.com/xoai" xmlns:xsi="http://www.w3.org/2001/XMLSchema-instance" xsi:schemaLocation="http://www.loc.gov/MARC21/slim http://www.loc.gov/standards/marcxml/schema/MARC21slim.xsd">
   <leader>00925njm 22002777a 4500</leader>
   <datafield ind2=" " ind1=" " tag="042">
      <subfield code="a">dc</subfield>
   </datafield>
   <datafield ind2=" " ind1=" " tag="720">
      <subfield code="a">Marcos-Cobaleda, María</subfield>
      <subfield code="e">author</subfield>
   </datafield>
   <datafield ind2=" " ind1=" " tag="720">
      <subfield code="a">Garrido Almonacid, Antonio</subfield>
      <subfield code="e">author</subfield>
   </datafield>
   <datafield ind2=" " ind1=" " tag="260">
      <subfield code="c">2024</subfield>
   </datafield>
   <datafield ind2=" " ind1=" " tag="520">
      <subfield code="a">The aim of this paper is to review the concepts of centre and peripheries in Mediterranean&#xd;
Islamic art during the late Middle Ages. Traditionally, the idea of a unique&#xd;
Eastern production centre was widespread in historiographical debates; however, in&#xd;
the framework of current research projects, the need to review the well-established&#xd;
concepts of centre and peripheries has been identified.&#xd;
In this context, this paper considers the geographical distribution of muqarnaṣ&#xd;
in the Mediterranean basin between the twelfth and fifteenth centuries from the&#xd;
Almoravid period. In this framework, a double aspect has been analysed to examine:&#xd;
1) how muqarnaṣ spread from the Almoravid Empire to other Mediterranean areas,&#xd;
and 2) if those Western muqarnaṣ can be related to the Eastern ones or if, on the contrary,&#xd;
they can be considered an independent manifestation of a new production centre&#xd;
located in an area traditionally considered peripheral.&#xd;
To achieve this aim, a geodatabase including the Mediterranean muqarnaṣ ensembles&#xd;
has been created. Different categorised analyses have been developed with a&#xd;
Geographic Information System (GIS), as well as an element concentration analysis, with the Heatmap plugin in the QGIS software, to determine where the centres with&#xd;
the highest concentrations of muqarnaṣ are located. On the basis of the different analyses,&#xd;
innovative cartographic materials have been developed and are included in the&#xd;
study. From the obtained results, it can be concluded that the traditional view of a&#xd;
unique production centre in the case of muqarnaṣ should be discarded.</subfield>
   </datafield>
   <datafield ind1="8" ind2=" " tag="024">
      <subfield code="a">Marcos Cobaleda, M., &amp; Garrido Almonacid, A. (2024). Revisiting the Concepts of Centre and Peripheries in Islamic Art with Geographic Information Systems (GIS): the Creations of Western Islamic Societies. Journal of Digital Islamicate Research, 1(1-2), 66-88. https://doi.org/10.1163/27732363-bja00002</subfield>
   </datafield>
   <datafield ind1="8" ind2=" " tag="024">
      <subfield code="a">https://hdl.handle.net/10630/40207</subfield>
   </datafield>
   <datafield ind1="8" ind2=" " tag="024">
      <subfield code="a">10.1163/27732363-BJA00002</subfield>
   </datafield>
   <datafield tag="653" ind2=" " ind1=" ">
      <subfield code="a">Arte islámico - S. XII-XV</subfield>
   </datafield>
   <datafield tag="653" ind2=" " ind1=" ">
      <subfield code="a">Arquitectura islámica - S. XII-XV</subfield>
   </datafield>
   <datafield tag="653" ind2=" " ind1=" ">
      <subfield code="a">Mediterráneo (Región)</subfield>
   </datafield>
   <datafield tag="653" ind2=" " ind1=" ">
      <subfield code="a">Almorávides</subfield>
   </datafield>
   <datafield tag="653" ind2=" " ind1=" ">
      <subfield code="a">Cartografía</subfield>
   </datafield>
   <datafield tag="653" ind2=" " ind1=" ">
      <subfield code="a">Sistemas de información geográfica</subfield>
   </datafield>
   <datafield ind2="0" ind1="0" tag="245">
      <subfield code="a">Revisiting the Concepts of Centre and Peripheries in Islamic Art with Geographic Information Systems (GIS): The Creations of Western Islamic Societies</subfield>
   </datafield>
</record>
</metadata></record></GetRecord></OAI-PMH>